| 000 | 01101nam a2200301Ia 4500 | ||
|---|---|---|---|
| 005 | 20220317000625.0 | ||
| 008 | 160601s2001 sp a g 000 0 spa | ||
| 020 | _a8431661305 | ||
| 082 | 0 | 4 |
_a371.39 _bC31n |
| 100 | 1 | _aCharpak, Georges | |
| 245 | 1 | 0 |
_aNiñas, investigadoras y ciudadanas niños, investigadores y ciudadanos _cGeorges Charpk ; traducido por Elena del Amo de Laiglesia |
| 250 | _a1a edición | ||
| 300 |
_a296 páginas _bilustraciones _c20 cm |
||
| 504 | _aIncluye bibliografía | ||
| 650 | 1 | 4 |
_2LEMB _aInvestigación científica |
| 650 | 1 | 4 |
_2LEMB _aCiencia _xEnseñanza elemental |
| 650 | 1 | 4 |
_2LEMB _aFísica _xEnseñanza elemental |
| 650 | 1 | 4 |
_2LEMB _aEducación de niños _vInvestigación |
| 700 | 1 |
_aCharpak, Georges _d1924- _950725 |
|
| 700 | 1 |
_aLederman, Leon _950726 |
|
| 700 |
_aAmo de Laiglesia, Elena del _etraductor _950727 |
||
| 942 |
_2ddc _cBK |
||
| 264 |
_aBarcelona _bVicens Vives _c2001 |
||
| 336 |
_atexto _btxt _2rdacontent |
||
| 337 |
_asin mediación _bn _2rdamedia |
||
| 338 |
_avolumen _bnc _2rdacarrier |
||
| 040 |
_aCO-BoRNBP _bspa _erda _cCO-BoRNBP |
||
| 999 |
_c4586 _d4586 |
||